EVERY Extreme Starting 0-A in Geometry Dash - Statistics

General Stats
  • This quiz has been taken 16 times
  • The average score is 71 of 134
Answer Stats
Creator Type Name % Correct
SrGuillester Classic 2 1 1
100%
Exen Classic Abyss of Darkness
100%
ewop Classic 1330X
83%
f3lixsram Classic 8o X
83%
TeamN2 Classic A Bizarre Phantasm
83%
ryamu Classic Acheron
83%
nikroplays Classic Allegiance
83%
Prism Classic Altered Ascent
83%
nikroplays Classic Anathema
83%
Insxne97 Classic andromeda
83%
Lemons Classic Anoxysm
83%
Metalface221 Classic Arctic Lights
83%
f3lixsram Classic Artifice
83%
ViPriN Classic Artificial Ascent
83%
TeamN2 Classic Artificial Ideology
83%
Vexiion Classic Asmodeus
83%
Knobbelboy Classic Astral Divinity
83%
IIExenityII Classic Athanatos
83%
Golden Classic A2Marbl
67%
Metalface221 Classic Abandoned Planet
67%
DienID Classic ABEL
67%
shmigels Classic A Berry
67%
SoulsTWRKNation Classic AcropoliX
67%
Renedi Classic Acrozis
67%
neigefeu Classic Acu
67%
wapon77 Classic Adrenaline
67%
IvanCrafter026 Platformer Adrenaline
67%
AngryBoy0644 Classic Advanced AirStream
67%
EndLevel Classic Aerial Gleam
67%
SyQual Classic Aesthetic
67%
Zeptoz Classic aether
67%
ZeroSR Classic aether
67%
IIExenityII Classic aftermath
67%
Unbipentium Classic Agen Wida
67%
Elevens Classic Air Tech
67%
VotcHi Classic Akashic Records
67%
Eridani Classic AKIRA
67%
Asuith Classic Alcatraz
67%
SirWafel Classic Alpha
67%
XLSpiral Classic Amalgam
67%
maxis044 Classic ameliorate
67%
iMist Classic Amethyst
67%
MadisonYuko Classic Anahita
67%
Metalface221 Classic Ancient Travel
67%
zylenox Classic Annihilation Nation
67%
Cersia Classic Another Phase
67%
Annon Classic Apparition
67%
EndLevel Classic Aquatic Auroras
67%
Eclipsed Classic Arctic Arena
67%
maxfs Classic arcturus
67%
Exen Classic Aronia
67%
Rynoxiouss Classic Artificial Climb
67%
iIiViRuZiIi Classic Artificial Dream
67%
Exen Classic Asterios
67%
Pennutoh Classic ATMarbl
67%
LIEB Classic ATOMIC CANNON
67%
LIEB Classic ATOMIC CANNON Mk II
67%
LIEB Classic ATOMIC CANNON Mk III
67%
LazerBlitz Classic Auditory Breaker
67%
Ka1sa Classic Aura
67%
Duque01 Classic Aura
67%
ItsXZ Classic Aureole
67%
TheKris Classic Aurora
67%
GDSkele Classic Aurorae
67%
iIiViRuZiIi Classic Auroral Darkness
67%
PockeWindfish Classic Avernus
67%
Juhou Classic Awakening Horus
67%
sink Classic Awedsy
67%
MinAY Classic 0 mind
50%
cherryteam Classic 0 Techno
50%
royen Classic 4Elements
50%
Jeyzor Classic 4 Matilda
50%
Sardina Classic 9blue
50%
Imjum Classic Aksion
50%
Faliure444 Classic Alpha Baa X
50%
AlvaroPaws Classic ANNIHILATED
50%
nasgubb Classic Apollo 11
50%
Rimexon Classic Ascent
50%
xHeiDax Classic ASHES
50%
OddMod Classic Ashley Wave Trials
50%
Marwec Classic Atmos
50%
VoidSquad Classic Atmosphere
50%
GoodSmile Classic Audio Expulsion
50%
GoodSmile Classic Audio Extraction
50%
Anirium Classic Auroral Valhalla
50%
cordeaux Classic AUX cord
50%
Filqh Classic Avalanche
50%
Emariii Platformer AVALANCHE
50%
Filqh Classic Axiom Asterism
50%
Dorami Classic Azure Fiesta
50%
royen Classic Azurite
50%
Sillow Classic Azurite
50%
shebam Classic 15 Step
33%
AranyaDeCueva Classic 2 0
33%
LordeQuacc Classic 4ucked Up
33%
BowtieGD Classic ABSURDIA
33%
ArraegenGD Classic Adelucid
33%
Vizitek Classic Agony
33%
Aimbotter Classic Aimbotter Force
33%
MrSpaghetti Classic Ancestral Calamity
33%
Anya21 Classic Anya III
33%
awesomeme360 Classic any percent
33%
StarkyTheSalad Classic APEX
33%
APTeamOfficial Classic Apocalyptic Trilogy
33%
Manix648 Classic Armageddon
33%
Jakalope Classic Astrophobia
33%
rnexel Classic Auroral Ascent
33%
SaturMan Classic Axinie
33%
AlbinoSnail Classic azure blast
33%
kreno Classic 100HEX
17%
Astrala Classic 2 Comme le vent
17%
IIIGamBiTIII Classic 3ABNCNMOCT6
17%
GS12 Classic Absolute Anarchy
17%
CirclezGD Classic ACHROMATISM
17%
Swib Classic ADOMANIA
17%
Ultimxte Classic Advent Aurora
17%
Orelu Platformer Aerios
17%
Exscher Classic A Fleeting Reverie
17%
erzor Classic agg challenge 18
17%
Aimbotter Classic Air Fryer
17%
L4TeZk Classic All In
17%
Konter123 Classic Alternative Ascent
17%
TestFiles Platformer Ambidexter
17%
MadisonYuko Platformer ANGEL ON A SATELLITE
17%
Pncsr Classic Antonymph
17%
XavT Classic Apotheosis
17%
vLibra Platformer Aquanemesis
17%
HumanBeing99999 Platformer Archipelago
17%
SnowEye Classic Ari Om
17%
Kolros716 Classic Ascension
17%
Cubical7 Platformer Ascension Tower
17%
xTet Classic AUTONOMICA
17%
YouknowwhoGD Classic Autumnal Remanence
17%
ComodoQc Platformer axium
17%
No matching quizzes found
Score Distribution
Percent of People with Each Score
Percentile by Number Answered
Your Score History
You have not taken this quiz